Precalculus / (Record no. 2027)

MARC details
000 -LEADER
fixed length control field 00756nac a22002411u 4500
010 ## -
-- 2003066398
020 ## - INTERNATIONAL STANDARD BOOK NUMBER
International Standard Book Number 013143120X (college ed.)
020 ## - INTERNATIONAL STANDARD BOOK NUMBER
International Standard Book Number 0131913999 (school ed.)
082 00 - DEWEY DECIMAL CLASSIFICATION NUMBER
Classification number 512
Item number S9493
090 ## - LOCALLY ASSIGNED LC-TYPE CALL NUMBER (OCLC); LOCAL CALL NUMBER (OCLC)
-- 2027
-- 2027
100 ## - MAIN ENTRY--PERSONAL NAME
Personal name Sullivan, Michael,
245 10 - TITLE STATEMENT
Title Precalculus /
Statement of responsibility, etc Michael Sullivan.
250 ## - EDITION STATEMENT
Edition statement 7th ed.
260 ## -
-- Upper Saddle River, N.J. :
-- Pearson Prentice Hall,2005
-- 2005.
300 ## - PHYSICAL DESCRIPTION
Extent xx, 1001, 118, 12 p. :
Other physical details ill. (some col.) ;
Dimensions 27 cm.
336 ## - CONTENT TYPE
Source rdacontent
Content type term text
Content type code txt
337 ## - MEDIA TYPE
Media type term unmediated
Source rdamedia
Media type code n
338 ## - CARRIER TYPE
Carrier type term volume
Carrier type code nc
Source rdacarrier
500 ## - GENERAL NOTE
General note Includes indexes.
650 #0 - SUBJECT ADDED ENTRY--TOPICAL TERM
Topical term or geographic name as entry element Algebra
Form subdivision Textbooks.
650 #0 - SUBJECT ADDED ENTRY--TOPICAL TERM
Topical term or geographic name as entry element Trigonometry
Form subdivision Textbooks.
942 ## - ADDED ENTRY ELEMENTS (KOHA)
Koha item type
Call number prefix 512S9493
Classification part RDA-MOD
Holdings
Withdrawn status Lost status Damaged status Not for loan Home library Current library Shelving location Date acquired Source of acquisition Total Checkouts Full call number Barcode Date last seen Cost, replacement price Price effective from Koha item type
        Central Library Central Library First floor 07/02/2007 Purchase   512 SUL 000002181 15/07/2025 217.00 07/02/2007 Book - Borrowing